Modern Socialist Countries/Territories - Statistics

General Stats
  • This quiz has been taken 35 times
    12 since last reset
  • The average score is 6 of 17
Answer Stats
Became Socialist Nation/State % Correct
1949 People's Republic of China
100%
1999 Bolivarian Republic of Venezuela
78%
1948 Democratic People's Republic of Korea
78%
1975 Lao People's Democratic Republic
78%
1959 Republic of Cuba
78%
1945 Socialist Republic of Vietnam
67%
2006 Plurinational State of Bolivia
44%
2008 Federal Democratic Republic of Nepal
33%
2012 Autonomous Administration of North and East Syria
11%
1994 Chiapas (EZLN)
11%
2021 Keralam State
11%
1989 Kokang
11%
1989 Mong La
11%
2023 Kayah State
0%
1976 Sahrawi Arab Democratic Republic
0%
1993 State of Eritrea
0%
1989 Wa State
0%
No matching quizzes found
Score Distribution
Percent of People with Each Score
Percentile by Number Answered
Your Score History
You have not taken this quiz since the last reset